[Event "DSOL 05 Liga Gr-D 1st"]
[Site "Playchess.com INT"]
[Date "2020.07.23"]
[Round "5.4"]
[White "Onat, Elias Levent"]
[Black "Berzl, Stefan"]
[Result "0-1"]
[WhiteElo "1233"]
[BlackElo "1533"]
[PlyCount "54"]
[EventDate "2020.06.22"]
[EventType "team-tourn (rapid)"]
[EventCountry "GER"]
[SourceTitle "EXT 2021"]
[Source "ChessBase"]
[SourceDate "2020.10.23"]
[SourceVersion "1"]
[SourceVersionDate "2020.10.23"]
[SourceQuality "1"]
[WhiteTeam "Segeberg SF II"]
[BlackTeam "Wasserburg"]
[WhiteTeamCountry "GER"]
[BlackTeamCountry "GER"]

1. e4 e5 2. Nf3 Nc6 3. Bc4 Bc5 4. c3 d6 5. d4 exd4 6. cxd4 Bb4+ 7. Bd2 a5 8. Bxb4 Nxb4 9. 0-0 Bg4 10. Nbd2 Nf6 11. Qb3 0-0 12. e5 d5 13. exf6 dxc4 14. Qxc4 Be6 15. Qc5 b6 16. Qg5 Qxf6 17. Qxf6 gxf6 18. a3 Nd3 19. b3 Kh8 20. Rab1 Rg8 21. Kh1 Bd5 22. Nc4 Rxg2 23. Kxg2 Rg8+ 24. Kh3 Be6+ 25. Kh4 Rg4+ 26. Kh5 Nf4+ 27. Kh6 Rg6# 0-1